| 000 | 00749nam a22002297a 4500 | ||
|---|---|---|---|
| 999 |
_c141 _d141 |
||
| 003 | AR-CdUCM | ||
| 008 | 190221b ||||| |||| 00| 0 spa d | ||
| 020 | _a9681616510 | ||
| 040 |
_aMUNICIPALIDAD PROVINCIAL DEL CUSCO _cBIBLIOTECA MUNICIPAL DEL CUSCO |
||
| 082 |
_a869.15 / _bG158 |
||
| 100 |
_aGalindo, Sergio _9671 |
||
| 245 | _aEl Bordo : | ||
| 260 |
_aMexico : _bFondo de Cultura Económica, _c1960. |
||
| 300 |
_a210 paginas _c17 cm |
||
| 505 | _aLa muerte de Artemio Cruz -- Los antiguos Mexicanos -- Libertad bajo palabra -- La ruta de Hernan Cortés -- La suave Patria... | ||
| 650 |
_aMontañas _9629 |
||
| 650 |
_aJardines _9672 |
||
| 650 |
_aBosque _9673 |
||
| 650 |
_aAzteca _9674 |
||
| 942 |
_2ddc _cLIBROS |
||
| 945 |
_awsnt _d2019-02-21 |
||